000 00664nam a2200277Ia 4500
005 20260324111907.0
008 008 260324s9999 xx 000 0 eng d
020 _a9781003616344
037 _aEBOOK
040 _aCRL
040 _beng
040 _cCRL
041 _2eng
041 _aeng
084 _qCRL
100 _aHanna H. Wei
_91095936
245 0 _aCultural Legitimacy in Sino-Western Dialogue on Minority Rights
260 _bTaylor and Francis
260 _c2025
365 _a
365 _b230
856 _uhttp://www.taylorfrancis.com/books/9781003616344
942 _cEBOOK
999 _c1729431
_d1729431